| 000 | 00620nam a2200205 i 4500 | ||
|---|---|---|---|
| 001 | 95989 | ||
| 003 | ES-MaACL | ||
| 005 | 20230906181820.0 | ||
| 007 | t| | ||
| 008 | 050608s1913 xxk ||||1| eng d | ||
| 100 | 1 |
_aMacaulay, William Herrick. _975068 |
|
| 245 | 1 | 4 |
_aThe laws of Thermodynamics / _cby William Herrick Macaulay. |
| 260 |
_aCambridge : _bB. Hopkinson- John Clay, _c1913. |
||
| 300 |
_aVIII, 71 p. ; _c22 cm. |
||
| 490 | 1 | _aCambridge Engineering Tracts | |
| 650 | 4 |
_aTermodinámica. _917486 |
|
| 830 | 0 |
_aCambridge Engineering Tracts _9184376 |
|
| 852 |
_aES-MaACL _jC-8174 |
||
| 999 |
_c95989 _d95989 |
||